| 000 | 02701nam a22002417a 4500 | ||
|---|---|---|---|
| 005 | 20251020091802.0 | ||
| 008 | 251020b ||||| |||| 00| 0 eng d | ||
| 020 | _a9783038604389 | ||
| 040 |
_aCO-BoUCM _cDavid Moreno _dDavid Moreno |
||
| 041 | _aeng | ||
| 130 | 0 |
_aNew design museum (Park Books) _9187003 |
|
| 245 | 1 | 4 |
_aThe new design museum _bco-creating the present, prototyping the future _cBeatrice Leanza |
| 260 |
_aZurich, Suiza _bPark Book _c2025 |
||
| 300 |
_a331 Paginas _bilustraciones |
||
| 504 | _aIncluye referencias bibliográficas | ||
| 505 | _rPrologue: Design & planetarity -- Introduction: Design & the 21st century -- Legacy, heritage & storytelling -- Commissioning design: from indigenous initiatives to investigative research / Ewan McEoin -- Fundación Organizmo -- Design & Democracy -- Róng Design Library -- Design history through other-than Western perspectives / Ikko Yokoyama -- Public(s) display -- Reconfiguring design narratives / Brendan Cormier -- Cultures of Assembly -- Concéntrico -- Fondazione Studio Rizoma -- The museum as social hub / José Luis de Vicente -- Eco-criticality -- Building actionable environmental knowledge / Carson Chan -- The World Around -- Incubating ecological invention / Justin McGuirk -- Walk&Talk Festival -- Ecologies of institutional transformation / Lucia Pietroiusti -- Non-Extractive Architecture -- Expanded pedagogies -- Advocacy across art, design, and science, conversation I / Markus Reymann -- Advocacy across art, design, and science, conversation II / Rosa Ferré -- Loudreaders -- African Futures Institute -- Instituto A Gente Transforma -- Designing alliances for holistic growth / Jan Boelen -- Purposefulness & pluralism -- Institutional practice as field-work / Giovanna Borasi -- Feminist spatial practices -- re:arc institute -- Impact-driven agency: the museum and public life, conversation I / Kieran Long -- Impact-driven agency: the museum and public life, conversation II / James Taylor-Foster -- The "more-than" realm -- The museum as a testing ground / Aric Chen -- Institute For Postnatural Studies -- Antikythera -- Wonderfruit Festival -- The transormative power of speculative experience / Brendan McGetrick -- Postscript: "The problem" with design and its institutions. And what can be done about it. | ||
| 650 | 1 | 4 |
_aArquitectura de museos de arte _xHistoria _ySiglo XXI _9187004 |
| 650 | 1 | 4 |
_aMuseología contemporánea _xCo-creación _xDiseño y sociedad _9187005 |
| 650 | 1 | 4 |
_aGestión museística _xPrácticas colaborativas _xInnovación cultural _9187006 |
| 700 | 1 |
_aLeanza, Beatrice _eeditor _9187007 |
|
| 942 |
_2DEWEY _a17 _cLIBRO _e1 _h708 _mL437n _n0 |
||
| 999 |
_c325787 _d325787 |
||